000 00567nam a2200205Ia 4500
005 20250508164926.0
008 008 250505s9999 xx 000 0 eng d
020 _a818965412-8
037 _aDissertations
040 _aFEDL
_beng
_cFEDL
041 _aeng
_2eng
084 _a371.9, SHA/DI
_qFEDL
100 _aSharma Jyoti
245 0 _aSome correlates of underachievement in mathematics
260 _c1995
300 _a86p.
546 _aM.Ed. Dissertation (Delhi University)
942 _cDIS
_h371.9, SHA/DI
999 _c1392067
_d1392067